000 01673nam0a2200349 4500
001 RU\NLR\BIBL_A\022755545
005 20260517044109.0
010 _a978-5-9596-2126-1
_9500
021 _aRU
_bКН-П-26-004182
_9КН-П-26-0394
035 _a(NLR Aleph) 022755545
090 _a13706951
_c13706951
100 _a20260317d2025 k y0rusy50 ca
101 0 _arus
102 _aRU
105 _aa z 000yy
181 0 _ai
_baxxe
182 0 _an
200 1 _aИспользование буйволов и зебу для увеличения производства мяса
_eмонография
_fХ. А. Амерханов, А. Ф. Шевхужев
_gФедеральное государственное бюджетное научное учреждение "Северо-Кавказский федеральный научный аграрный центр"
203 _aТекст
_bвизуальный
_cнепосредственный
210 _aСтаврополь
_cАГРУС
_d2025
215 _a163 с.
_cил., табл.
_d20
320 _aБиблиогр.: с. 143–162 (170 назв.)
606 1 _aБуйволы
_xМясная продуктивность
_92709148
_3RU\NLR\AUTH\6601770570
606 1 _aЗебу
_xМясная продуктивность
_92709149
_3RU\NLR\AUTH\6601770571
686 1 _aП605.1-65
686 1 _aП605.2-65
700 1 _7ca
_8rus
_aАмерханов
_bХ. А.
_f1951-
_gХарон Адиевич
_980803
_3RU\NLR\AUTH\7797877
701 1 _aШевхужев
_bА. Ф.
_gАнатолий Фоадович
942 _cBOOK
980 _aNB